000 01062nac a22003497a 4500
001 BR0804851
003 BR-BrBNA
005 20240105123624.0
008 230509b bl.|||m| |||| 00| 0 por d
040 _aBR-BrBNA
_bpor
_cBiblioteca Nacional de Agricultura
072 _aP10
090 _a5300 BR0804851
100 1 _aCosta, O.A.D.
100 1 _aMorés, N.
100 1 _aPerdomo, C.C.
100 1 _aMonticelli, C.J.
100 1 _aSobestiansky, J.
100 1 _aLeite, D.M.G.
110 1 _aEMBRAPA Suínos e Aves, Concórdia, SC (Brasil)
245 1 _aAvaliação do consumo de água no sistema intensivo de suínos criados ao ar livre - SISCAL
260 3 _aConcórdia, SC (Brasil):
_c2000.
300 _a3 p.
490 _aComunicado Técnico - EMBRAPA Suínos e Aves (Brazil)
_vno. 254
_xISSN 0100-8862
650 _aSUÍNO
650 _aPRODUÇÃO ANIMAL
650 _aMATRIZ
650 _aÁGUA
650 _aMANEJO DE ÁGUA
650 _aHIDRÁULICA
909 _a202312
_bLúcia Elande
_c55
_dLúcia Elande
942 _2AGRIS
_n0
_cMS
999 _c296259
_d296259